Countries by a single non-capital city IV - Statistics

General Stats
  • This quiz has been taken 16 times
  • The average score is 9 of 16
Answer Stats
City Country % Correct
Benghazi Libya
93%
Kandahar Afghanistan
80%
Sfax Tunisia
73%
Chiang Mai Thailand
67%
Niš Serbia
60%
Tainan Taiwan
60%
Burgas Bulgaria
53%
Qom Iran
53%
Al Ain United Arab Emirates
53%
Dammam Saudi Arabia
47%
Bulawayo Zimbabwe
47%
Eupen Belgium
40%
Nadi Fiji
33%
Mo i Rana Norway
33%
Touba Senegal
33%
Erdenet Mongolia
27%
No matching quizzes found
Score Distribution
Percent of People with Each Score
Percentile by Number Answered
Your Score History
You have not taken this quiz